[Event "DRAGHIEN  I"]
[Site "SchemingMind.com"]
[Date "2016.06.21"]
[Round "-"]
[White "emvarela"]
[Black "buddhastalin"]
[Result "0-1"]
[WhiteCountry "ARG"]
[BlackCountry "USA"]
[WhiteElo "1728"]
[WhiteRD "49"]
[BlackElo "1740"]
[BlackRD "72"]
[GameID "400468"]

1. e4 c5 2. Nf3 Nc6 3. d4 cxd4 4. Nxd4 g6 5. c4 Bg7 6. Nb3 Nf6 7. Nc3 O-O 8. Bd3 d6 9. O-O Ne5 10. Nd5 Nxd5
11. exd5 Nxd3 12. Qe2 Nxc1 13. Raxc1 a5 14. Rfe1 Re8 15. c5 a4 16. cxd6 axb3 17. dxe7 Qd6 18. axb3 Bf6 19. Qb5 Rxe7 20. Rxe7 Qxe7
0-1

[Event "DRAGHIEN  I"]
[Site "SchemingMind.com"]
[Date "2016.06.21"]
[Round "-"]
[White "buddhastalin"]
[Black "emvarela"]
[Result "1/2-1/2"]
[WhiteCountry "USA"]
[BlackCountry "ARG"]
[WhiteElo "1740"]
[WhiteRD "72"]
[BlackElo "1728"]
[BlackRD "49"]
[GameID "400469"]

1. d4 Nf6 2. Nf3 g6 3. c4 Bg7 4. Nc3 d6 5. e4 O-O 6. Bd3 a6 7. O-O c5 8. d5 Bg4 9. h3 Bxf3 10. Qxf3 Nbd7
11. Qe2 e6 12. f4 exd5 13. exd5 Re8 14. Qf2 Qe7 15. Bd2 Nh5 16. Rae1 Qf8 17. f5 Rxe1 18. Rxe1 Re8 19. fxg6 Rxe1+ 20. Qxe1 fxg6
21. Qe6+ Qf7 22. Qxd6 Bf8 23. Qc7 Bg7 24. Qxb7 Bd4+ 25. Kh2 Be5+ 26. Kg1 Bd4+ 27. Kh2 Be5+ 28. Kg1 Bd4+ 29. Kh2=
1/2-1/2

[Event "DRAGHIEN  I"]
[Site "SchemingMind.com"]
[Date "2016.06.17"]
[Round "-"]
[White "Phillip Beckett"]
[Black "buddhastalin"]
[Result "0-1"]
[WhiteCountry "ENG"]
[BlackCountry "USA"]
[WhiteElo "1549"]
[WhiteRD "51"]
[BlackElo "1631"]
[BlackRD "86"]
[GameID "400470"]

1. d4 d5 2. e3 c6 3. Bd3 Nf6 4. Nd2 Bg4 5. Ngf3 Nbd7 6. O-O e6 7. c3 Bd6 8. Qc2 O-O 9. e4 dxe4 10. Nxe4 Nxe4
11. Bxe4 Nf6 12. h3 Bh5 13. Bg5 Bg6 14. Rad1 Bxe4 15. Bxf6 Bxc2 16. Bxd8 Bxd1
0-1

[Event "DRAGHIEN  I"]
[Site "SchemingMind.com"]
[Date "2016.06.17"]
[Round "-"]
[White "buddhastalin"]
[Black "Phillip Beckett"]
[Result "1-0"]
[WhiteCountry "USA"]
[BlackCountry "ENG"]
[WhiteElo "1649"]
[WhiteRD "79"]
[BlackElo "1562"]
[BlackRD "52"]
[GameID "400471"]

1. d4 d5 2. c4 e6 3. Nc3 Nf6 4. Bg5 Be7 5. Nf3 h6 6. Bh4 O-O 7. e3 Ne4 8. Bxe7 Qxe7 9. Bd3 Nxc3 10. bxc3 dxc4
11. Bxc4 Nd7 12. Bd3 e5 13. e4 exd4 14. cxd4 Qb4+ 15. Qd2 Qxd2+ 16. Nxd2 c5 17. d5 Ne5 18. Bc2 f5 19. f4 Ng4 20. Nc4 fxe4
21. Bxe4 Bf5 22. Bxf5 Rfe8+ 23. Be6+ Kf8 24. O-O Nf6 25. Nd6 Re7 26. Rad1 Rd8 27. Nf5 Rc7 28. d6 Rc6 29. Rfe1 Ng4 30. Ne7 Rcxd6
31. Ng6+ Ke8 32. Bxg4+
1-0

[Event "DRAGHIEN  I"]
[Site "SchemingMind.com"]
[Date "2016.06.16"]
[Round "-"]
[White "Scooter"]
[Black "buddhastalin"]
[Result "1-0"]
[WhiteCountry "USA"]
[BlackCountry "USA"]
[WhiteElo "1735"]
[WhiteRD "56"]
[BlackElo "1740"]
[BlackRD "72"]
[GameID "400472"]

1. d4 d5 2. Nf3 c6 3. Bf4 Nf6 4. e3 Bg4 5. Be2 e6 6. c3 Bd6 7. Bxd6 Qxd6 8. O-O Nbd7 9. Nbd2 O-O 10. h3 Bh5
11. Re1 Rfe8 12. Nh2 Bxe2 13. Qxe2 e5 14. dxe5 Nxe5 15. Nhf3 Ng6 16. Rad1 Ne4 17. Nxe4 Rxe4 18. Nd2 Re7 19. Qf3 Ne5 20. Qg3 Qe6
21. Nf3 Nxf3+ 22. Qxf3 Rae8 23. Qg4 Qxg4 24. hxg4 g6 25. Rd4 Re4 26. Rxe4 Rxe4 27. f3 Re7 28. Kf2 b6 29. Rd1 Rd7 30. e4 Kf8
31. exd5 cxd5 32. c4 d4 33. g5 Ke7 34. f4 Kd8 35. g4 Kc7 36. Kf3 Kc6 37. b4 a5 38. a3 axb4 39. axb4 b5 40. c5 Kd5
41. Rc1 Re7 42. c6 Rc7 43. Rc5+ Kd6 44. Ke4 Rxc6 45. Rd5+ Kc7 46. Rxd4 Kb6 47. Ke5 Re6+ 48. Kd5 Rc6 49. Ke4 Re6+= 50. Kd3 Kc6=
51. Rd8 Re1 52. Rf8 Rg1 53. Rxf7 Rxg4 54. Ke4 Rh4 55. Rf6+ Kc7 56. Kd5 Rh1 57. Kc5 Re1 58. Rf7+ Kd8 59. Rxh7 Re4 60. Rf7 Ke8
61. Rf6 Ke7 62. Kxb5
1-0

[Event "DRAGHIEN  I"]
[Site "SchemingMind.com"]
[Date "2016.06.16"]
[Round "-"]
[White "buddhastalin"]
[Black "Scooter"]
[Result "0-1"]
[WhiteCountry "USA"]
[BlackCountry "USA"]
[WhiteElo "1649"]
[WhiteRD "79"]
[BlackElo "1777"]
[BlackRD "56"]
[GameID "400473"]

1. d4 Nf6 2. Bg5 Ne4 3. Bh4 g5 4. Bg3 Nxg3 5. hxg3 d5 6. Nc3 Bg7 7. e3 Nc6 8. a3 b6 9. Bd3 f5 10. Qh5+ Kf8
11. Qxg5 e6 12. Qh5 Qf6 13. Nf3 Qg6 14. O-O-O Qxh5 15. Rxh5 Bd7 16. Rdh1 h6 17. Nb5 Rc8 18. Ng5 hxg5 19. Rxh8+ Bxh8 20. Rxh8+ Ke7
21. Rxc8 Bxc8 22. Nxc7 g4 23. f3 Kd7 24. Nb5 a6 25. Nc3 Na5 26. Na4 Kc7 27. Nc3 Kd6 28. e4 dxe4 29. fxe4 fxe4 30. Bxe4 Nc6
31. Ne2 e5 32. dxe5+ Nxe5 33. Nf4 Nc4 34. Bd3 Ne3 35. Kd2 Nf5 36. Bxf5 Bxf5 37. c3 a5 38. b4 axb4 39. cxb4 b5 40. Ke3 Ke5
41. Ne2 Kd5 42. Nc3+= Kc4 43. Ne4 Kb3 44. Nd6 Bd7 45. Kd4 Kxa3 46. Kc5 Ka4 47. Kb6 Kxb4
0-1

[Event "DRAGHIEN  I"]
[Site "SchemingMind.com"]
[Date "2016.06.16"]
[Round "-"]
[White "buddhastalin"]
[Black "kenneth m day"]
[Result "1-0"]
[WhiteCountry "USA"]
[BlackCountry "USA"]
[WhiteElo "1740"]
[WhiteRD "72"]
[BlackElo "1724"]
[BlackRD "56"]
[GameID "400474"]

1. d4 Nf6 2. Bg5 e6 3. e4 h6 4. Bxf6 Qxf6 5. Nc3 d5 6. e5 Qf4 7. Nf3 Bb4 8. Be2 c5 9. a3 Bxc3+ 10. bxc3 Nc6
11. O-O Bd7 12. Rb1 O-O-O 13. dxc5 Nxe5 14. Nxe5 Qxe5 15. Qd3 Bc6 16. a4 f5 17. a5 a6 18. Rb6 Bb5 19. Rxb5 axb5 20. Qxb5 Rd7
21. c6 Rc7 22. Rb1 Qxc3 23. cxb7+ Kb8 24. a6 Qa3 25. Qb6 Re8 26. h3 Ree7 27. Kh2 e5 28. Rb3 Qa4 29. Rb4 Qa3 30. Qd6 Qa5
31. Qd8+
1-0

[Event "DRAGHIEN  I"]
[Site "SchemingMind.com"]
[Date "2016.06.16"]
[Round "-"]
[White "buddhastalin"]
[Black "ray winteringham"]
[Result "1-0"]
[WhiteCountry "USA"]
[BlackCountry "ENG"]
[WhiteElo "1630"]
[WhiteRD "84"]
[BlackElo "1505"]
[BlackRD "53"]
[GameID "400476"]

1. d4 d5 2. c4 dxc4 3. Nf3 Bg4 4. e3 b5 5. a4 a6 6. axb5 c6 7. bxc6 Nxc6 8. Bxc4 e6 9. O-O Nf6 10. Rxa6 Nb4
11. Qa4+ Ke7 12. Qxb4+ Ke8 13. Bb5+ Nd7 14. Bxd7+ Kxd7 15. Ne5+ Ke8 16. Qb5+ Ke7 17. Nc6+
1-0

[Event "DRAGHIEN  I"]
[Site "SchemingMind.com"]
[Date "2016.06.16"]
[Round "-"]
[White "ray winteringham"]
[Black "buddhastalin"]
[Result "0-1"]
[WhiteCountry "ENG"]
[BlackCountry "USA"]
[WhiteElo "1507"]
[WhiteRD "49"]
[BlackElo "1649"]
[BlackRD "79"]
[GameID "400477"]

1. e4 c5 2. b4 cxb4 3. d4 d5 4. e5 Nc6 5. Be3 e6 6. Be2 Nge7 7. Nf3 Nf5 8. c3 Nxe3 9. fxe3 bxc3 10. Nxc3 Bb4
11. Qc2 Bd7 12. O-O Qa5 13. Nd1 Rc8 14. Qd3 Be7 15. Nf2 O-O 16. a3 Qd8 17. Rfb1 Qc7 18. Rc1 f6 19. exf6 Bxf6 20. Ra2 Qb8
21. Rb1 Na5 22. Bd1 Nc4 23. Bc2 g6 24. Ng4 Bg7 25. Ng5 e5 26. dxe5 Bxg4 27. Qxd5+ Kh8 28. Nf7+ Rxf7 29. Qxf7 Nxe3 30. Be4 Qxe5
31. Bxb7 Rf8 32. Qb3 Qd4 33. Kh1 Bd1
0-1

[Event "DRAGHIEN  I"]
[Site "SchemingMind.com"]
[Date "2016.06.17"]
[Round "-"]
[White "buddhastalin"]
[Black "Simon Green"]
[Result "1-0"]
[WhiteCountry "USA"]
[BlackCountry "ENG"]
[WhiteElo "1740"]
[WhiteRD "72"]
[BlackElo "1600"]
[BlackRD "64"]
[GameID "400478"]

1. d4 e6 2. e4 d5 3. e5 c5 4. c3 c4 5. Nf3 Be7 6. b3 b5 7. a4 Bd7 8. axb5 Bxb5 9. bxc4 Bxc4 10. Bxc4 dxc4
11. Qa4+ Qd7 12. Qxc4 Nc6 13. O-O Nh6 14. Bxh6 gxh6 15. Na3 Bxa3 16. Rxa3 O-O 17. Nd2 Rfc8 18. Qd3 Nxe5 19. Qg3+ Ng6 20. Ne4 Qe7
21. Rfa1 Rc7 22. Nf6+ Kg7 23. Nh5+ Kh8 24. Qe3 Qg5 25. Qf3 Nh4 26. Qxa8+ Qg8 27. Qxg8+ Kxg8 28. Rxa7 Rxa7 29. Rxa7 f5 30. Nf6+
1-0

[Event "DRAGHIEN  I"]
[Site "SchemingMind.com"]
[Date "2016.06.21"]
[Round "-"]
[White "Simon Green"]
[Black "buddhastalin"]
[Result "1/2-1/2"]
[WhiteCountry "ENG"]
[BlackCountry "USA"]
[WhiteElo "1600"]
[WhiteRD "64"]
[BlackElo "1740"]
[BlackRD "72"]
[GameID "400479"]

1. d4 d5 2. e3 c6 3. Bd3 Nf6 4. f4 Bg4 5. Nf3 Nbd7 6. O-O e6 7. Nbd2 Bd6 8. Qe1 Qc7 9. Ne5 Bh5 10. Qg3 O-O
11. Ndf3 Ne4 12. Bxe4 dxe4 13. Ng5 Bxe5 14. fxe5 h6 15. Nh3 Bg6 16. Nf4 Bh7 17. Nh5 Bg6 18. Nf4 Bh7 19. Nh5 Bg6=
1/2-1/2

[Event "DRAGHIEN  I"]
[Site "SchemingMind.com"]
[Date "2016.06.16"]
[Round "-"]
[White "buddhastalin"]
[Black "Wojtek26"]
[Result "1-0"]
[WhiteCountry "USA"]
[BlackCountry "POL"]
[WhiteElo "1649"]
[WhiteRD "79"]
[BlackElo "1469"]
[BlackRD "44"]
[GameID "400482"]

1. d4 d5 2. c4 dxc4 3. Nf3 Nf6 4. Bf4 e6 5. e3 Bb4+ 6. Nc3 Ne4 7. Qc2 O-O 8. Bxc4 Nc6 9. O-O b6 10. Nxe4 Bb7
11. Rac1 Bd6 12. Bxd6 cxd6 13. d5 exd5 14. Bxd5 Na5 15. Bxb7 Rb8 16. Bd5 Qe7 17. Nd4 Nb7 18. Nc6 Qh4 19. Nxb8 Rxb8 20. Bxb7
1-0

[Event "DRAGHIEN  I"]
[Site "SchemingMind.com"]
[Date "2016.06.16"]
[Round "-"]
[White "Wojtek26"]
[Black "buddhastalin"]
[Result "1/2-1/2"]
[WhiteCountry "POL"]
[BlackCountry "USA"]
[WhiteElo "1469"]
[WhiteRD "44"]
[BlackElo "1649"]
[BlackRD "79"]
[GameID "400483"]

1. d4 d5 2. c4 c6 3. e3 Nf6 4. Nf3 Bg4 5. c5 Nbd7 6. Be2 Bxf3 7. Bxf3 e5 8. O-O e4 9. Be2 b6 10. b4 Be7
11. f3 O-O 12. Bb2 Rb8 13. Qc2 Qc7 14. Nd2 exf3 15. Nxf3 bxc5 16. bxc5 Ne4 17. Bd3 Ndf6 18. Bxe4 Nxe4 19. Nd2 f5 20. Nxe4 fxe4
21. Bc3 Bg5 22. Qe2 Qe7 23. Rf2 Rxf2 24. Qxf2 Rf8 25. Qe2 Qf6 26. Bd2 Qh6 27. Rb1 Bh4 28. Rf1 Rxf1+ 29. Qxf1 Qf6 30. Qxf6=
1/2-1/2